[Event "7. Bayerische Meisterschaft 2003"]
[Site "Bad Wiessee"]
[Date "2003.11.15"]
[Round "8"]
[White "Bischoff, Klaus"]
[Black "Gasthofer, Alexander"]
[Result "1-0"]
[WhiteElo "2564"]
[BlackElo "2427"]
[PlyCount "69"]
[EventDate "2003.11.08"]

1. d4 d6 2. c4 e5 3. Nf3 e4 4. Nfd2 f5 5. Nc3 Nf6 6. e3 Be7 7. Be2 c5 8. d5 O-O
9. b3 Nfd7 10. Bb2 Bf6 11. Qc2 Na6 12. a3 Ne5 13. O-O-O Nc7 14. g4 b5 15. gxf5
bxc4 16. Ndxe4 cxb3 17. Qd2 c4 18. Nxf6+ Rxf6 19. e4 Ba6 20. Rhg1 Rf7 21. Rg3
Rc8 22. Kb1 Nd3 23. Bxd3 cxd3 24. Rdg1 Ne8 25. f4 Kf8 26. Rg5 h6 27. Rg6 Rcc7
28. a4 Qb8 29. e5 Rxf5 30. Ba3 b2 31. Rxd6 Qb3 32. Qxb2 Rxc3 33. Rxa6+ Qxa3 34.
Qxa3+ Rxa3 35. Kb2 1-0

[Event "7. Bayerische Meisterschaft 2003"]
[Site "Bad Wiessee"]
[Date "2003.11.15"]
[Round "8"]
[White "Ciuksyte, Dagne"]
[Black "Berelovich, Aleksandar"]
[Result "0-1"]
[WhiteElo "2295"]
[BlackElo "2540"]
[PlyCount "98"]
[EventDate "2003.11.08"]

1. e4 e6 2. d4 d5 3. Nd2 c5 4. exd5 exd5 5. Ngf3 Nf6 6. Bb5+ Bd7 7. Bxd7+ Nbxd7
8. O-O Be7 9. dxc5 Nxc5 10. Re1 O-O 11. Nf1 Re8 12. Be3 a5 13. a4 Qd7 14. Bd4
Ne6 15. Be5 Ng4 16. Ne3 Nxe3 17. Rxe3 Bc5 18. Rd3 Rad8 19. c3 f6 20. Bd4 b6 21.
g3 Bxd4 22. Nxd4 Nc5 23. Rd2 Re5 24. b3 Ne4 25. Rd3 Ree8 26. Qf3 Ng5 27. Qf5
Qf7 28. Rad1 Re5 29. Qg4 h5 30. Qh4 Re4 31. f4 Qg6 32. Kf2 Rde8 33. R3d2 Qf7
34. Re2 Rc8 35. Rd3 Rc7 36. Kf1 Rxe2 37. Nxe2 Ne4 38. f5 Nc5 39. Rd1 Nxb3 40.
Nf4 d4 41. cxd4 Rc2 42. d5 Nd2+ 43. Kg2 Qe7 44. Ne6 Nf3+ 45. Kxf3 Qa3+ 46. Ke4
Re2+ 47. Kd4 Qxa4+ 48. Kc3 Qc2+ 49. Kd4 Qxd1+ 0-1

[Event "7. Bayerische Meisterschaft 2003"]
[Site "Bad Wiessee"]
[Date "2003.11.15"]
[Round "8"]
[White "Potkin, Vladimir"]
[Black "Sarbok, Torsten"]
[Result "1-0"]
[WhiteElo "2534"]
[BlackElo "2352"]
[PlyCount "75"]
[EventDate "2003.11.08"]

1. e4 c6 2. d4 d5 3. exd5 cxd5 4. c4 Nf6 5. Nc3 e6 6. Nf3 Bb4 7. cxd5 Nxd5 8.
Bd2 O-O 9. Bd3 Nd7 10. O-O N7f6 11. Ne5 Qb6 12. Nc4 Qd8 13. Qf3 Be7 14. a3 b6
15. Ne5 Bb7 16. Rfe1 Rc8 17. Qh3 Nxc3 18. bxc3 g6 19. Rac1 Nd7 20. Ng4 Bg5 21.
f4 Bh4 22. Re2 h5 23. Ne5 Nxe5 24. fxe5 Bg5 25. Be3 Bxe3+ 26. Qxe3 Qh4 27. Rf2
Qe7 28. Rf4 Qg5 29. Qf2 h4 30. h3 Qg3 31. Qd2 Qg5 32. Qf2 Qg3 33. Qd2 Qg5 34.
Bxg6 Bxg2 35. Be4 Bxh3+ 36. Kh1 f5 37. exf6 Kf7 38. Rg1 1-0

[Event "7. Bayerische Meisterschaft 2003"]
[Site "Bad Wiessee"]
[Date "2003.11.15"]
[Round "8"]
[White "Zill, Christoph"]
[Black "Galdunts, Sergey"]
[Result "0-1"]
[WhiteElo "2295"]
[BlackElo "2496"]
[PlyCount "72"]
[EventDate "2003.11.08"]

1. e4 d6 2. d4 Nf6 3. Nc3 g6 4. f4 Bg7 5. Nf3 O-O 6. Be3 b6 7. e5 Ng4 8. Bg1 f6
9. Bc4+ Kh8 10. h3 Nh6 11. Qe2 fxe5 12. fxe5 c6 13. g4 d5 14. Bd3 Na6 15. a3
Nc7 16. Ng5 Ne6 17. Nxe6 Bxe6 18. O-O-O Qc7 19. Bh2 c5 20. Qe3 Nf7 21. Kb1 a6
22. Rdf1 Bh6 23. Bf4 cxd4 24. Qxd4 Bxf4 25. Qxf4 Nxe5 26. Qg3 Qd6 27. Re1 Nxd3
28. Qxd6 exd6 29. Rxe6 Nf2 30. Rh2 d4 31. Ne2 d3 32. cxd3 Nxd3 33. Rxd6 Rf1+
34. Ka2 Rd1 35. Rxb6 Rd2 36. Re6 Rb8 0-1

[Event "7. Bayerische Meisterschaft 2003"]
[Site "Bad Wiessee"]
[Date "2003.11.15"]
[Round "8"]
[White "Rotstein, Arkadij"]
[Black "Abeln, Michiel"]
[Result "1-0"]
[WhiteElo "2533"]
[BlackElo "2288"]
[PlyCount "53"]
[EventDate "2003.11.08"]

1. d4 f5 2. g3 Nf6 3. Bg2 g6 4. Nf3 Bg7 5. O-O O-O 6. b4 d6 7. Bb2 e5 8. dxe5
Ng4 9. Qd5+ Kh8 10. Bc3 Nxe5 11. Nxe5 dxe5 12. Bxe5 Qe7 13. Bxg7+ Qxg7 14. c3
Nc6 15. b5 Ne5 16. Nd2 c6 17. bxc6 bxc6 18. Qc5 Ba6 19. Nf3 Nd7 20. Qxc6 Bxe2
21. Rfe1 Rac8 22. Qd6 Bxf3 23. Bxf3 Rxc3 24. Rad1 Nf6 25. Re7 Qh6 26. Kg2 Rc2
27. Qe5 1-0

[Event "7. Bayerische Meisterschaft 2003"]
[Site "Bad Wiessee"]
[Date "2003.11.15"]
[Round "8"]
[White "Wiley, Tom E"]
[Black "Burmakin, Vladimir"]
[Result "0-1"]
[WhiteElo "2317"]
[BlackElo "2590"]
[PlyCount "78"]
[EventDate "2003.11.08"]

1. d4 c6 2. c4 d5 3. Nf3 Nf6 4. e3 Bf5 5. cxd5 cxd5 6. Qb3 Bc8 7. Nc3 e6 8. Bd3
Nc6 9. O-O Be7 10. Bd2 O-O 11. Rfc1 Bd7 12. a3 Rc8 13. Qa2 Bd6 14. b4 a6 15.
Qb3 e5 16. dxe5 Nxe5 17. Be2 Be6 18. Nd4 Nc4 19. Be1 Bb8 20. Rd1 Qd6 21. g3 Qe5
22. Nxe6 fxe6 23. Rac1 Ba7 24. Bxc4 Rxc4 25. Ne2 b5 26. Bc3 Qf5 27. Bxf6 Rxf6
28. f4 Qe4 29. Kf2 g5 30. Qd3 Qxd3 31. Rxd3 gxf4 32. gxf4 Rxc1 33. Nxc1 Rxf4+
34. Kg3 Rc4 35. Nb3 Kf7 36. h3 Kf6 37. Nd2 Rc2 38. e4 d4 39. Nf3 Rc3 0-1

[Event "7. Bayerische Meisterschaft 2003"]
[Site "Bad Wiessee"]
[Date "2003.11.15"]
[Round "8"]
[White "Kummerow, Heiko"]
[Black "Mainka, Romuald"]
[Result "0-1"]
[WhiteElo "2307"]
[BlackElo "2459"]
[PlyCount "78"]
[EventDate "2003.11.08"]

1. e4 c5 2. Nf3 e6 3. d4 cxd4 4. Nxd4 a6 5. Bd3 Bc5 6. Be3 d6 7. O-O Nf6 8. Nc3
Nbd7 9. Kh1 O-O 10. f4 Qc7 11. Qf3 b5 12. Qh3 Bb7 13. Rae1 Qb6 14. Nb3 Bxe3 15.
Rxe3 e5 16. Rg3 Kh8 17. Qh4 Rae8 18. Nd2 h6 19. Nd1 Qd8 20. Rh3 Nc5 21. f5 d5
22. exd5 e4 23. Be2 Qxd5 24. Qf4 e3 25. Nf3 Re4 26. Qg5 b4 27. b3 Re7 28. Bc4
e2 29. Bxe2 Rxe2 30. Qf4 Nh7 31. f6 g5 32. Qc7 g4 33. c4 Qc6 34. Qxc6 Bxc6 35.
Rxh6 gxf3 36. gxf3 Re6 37. Rh5 Nd7 38. h4 Rxf6 39. Kh2 Re8 0-1

[Event "7. Bayerische Meisterschaft 2003"]
[Site "Bad Wiessee"]
[Date "2003.11.15"]
[Round "8"]
[White "Meins, Gerlef"]
[Black "Koscielski, Janusch"]
[Result "1-0"]
[WhiteElo "2426"]
[BlackElo "2312"]
[PlyCount "91"]
[EventDate "2003.11.08"]

1. d4 f5 2. Nf3 Nf6 3. g3 g6 4. Bg2 Bg7 5. O-O O-O 6. Nbd2 d6 7. Re1 Nc6 8. e4
e5 9. dxe5 dxe5 10. c3 f4 11. b4 a6 12. a4 Nh5 13. b5 axb5 14. Ba3 b4 15. cxb4
Nd4 16. b5 Rf7 17. Nxd4 Qxd4 18. Nb3 Qxd1 19. Rexd1 Bf6 20. a5 Kg7 21. Bb4 Be7
22. Bxe7 Rxe7 23. Rd8 Rd7 24. Re8 Rd3 25. Rb1 Kf7 26. Rxe5 Rc3 27. Bf1 b6 28.
a6 c6 29. Nd4 cxb5 30. Nxb5 Rc6 31. a7 Ba6 32. Rd1 Kf6 33. Red5 Bxb5 34. Bxb5
Rc7 35. g4 Ng7 36. g5+ Ke6 37. Rd6+ Ke5 38. f3 Rc5 39. R1d5+ Rxd5 40. Rxd5+ Ke6
41. Rd7 Ne8 42. Rxh7 Kd6 43. Bxe8 Rxe8 44. Rb7 Ra8 45. Rxb6+ Ke5 46. Ra6 1-0

[Event "7. Bayerische Meisterschaft 2003"]
[Site "Bad Wiessee"]
[Date "2003.11.15"]
[Round "8"]
[White "Hobuss, Udo"]
[Black "Kaminik, Aleksandar"]
[Result "1-0"]
[WhiteElo "2414"]
[BlackElo "2286"]
[PlyCount "71"]
[EventDate "2003.11.08"]

1. d4 Nf6 2. c4 g6 3. Nc3 Bg7 4. e4 d6 5. Be2 O-O 6. Nf3 Bg4 7. Be3 Nfd7 8. Rc1
c5 9. d5 Na6 10. O-O Nc7 11. Bg5 Bxf3 12. Bxf3 a6 13. a4 h6 14. Bh4 g5 15. Bg3
Ne5 16. Be2 Ng6 17. Qd2 Be5 18. Bxe5 dxe5 19. Qe3 Rc8 20. Qxc5 Ne6 21. Qb4 Nd4
22. Rfd1 e6 23. Bf1 Nf4 24. a5 g4 25. Kh1 Kh8 26. c5 Qf6 27. Rd2 Rg8 28. Ne2
Nf3 29. Rdd1 Nxh2 30. Kxh2 Qh4+ 31. Kg1 Nh3+ 32. gxh3 gxh3+ 33. Kh1 h2 34. Ng3
Rxg3 35. fxg3 Qxg3 36. Bg2 1-0

[Event "7. Bayerische Meisterschaft 2003"]
[Site "Bad Wiessee"]
[Date "2003.11.15"]
[Round "8"]
[White "Giemsa, Stephan"]
[Black "Wiersma, Eelke"]
[Result "1/2-1/2"]
[WhiteElo "2290"]
[BlackElo "2402"]
[PlyCount "42"]
[EventDate "2003.11.08"]

1. d4 d5 2. Nf3 c5 3. c4 e6 4. cxd5 exd5 5. Nc3 Nc6 6. g3 Nf6 7. Bg2 Be7 8. O-O
O-O 9. Bg5 cxd4 10. Nxd4 h6 11. Be3 Re8 12. Rc1 Bf8 13. Na4 Bd7 14. Nc5 Bg4 15.
Nxb7 Nxd4 16. Qxd4 Qb6 17. Nc5 Bxe2 18. Rfe1 Bc4 19. Na4 Qxd4 20. Bxd4 Bxa2 21.
Nc3 Rxe1+ 1/2-1/2

[Event "7. Bayerische Meisterschaft 2003"]
[Site "Bad Wiessee"]
[Date "2003.11.15"]
[Round "8"]
[White "Papa, Severin"]
[Black "Van den Berkmortel, Theo"]
[Result "1-0"]
[WhiteElo "2401"]
[BlackElo "2274"]
[PlyCount "49"]
[EventDate "2003.11.08"]

1. e4 e5 2. Nf3 Nc6 3. Bb5 Bc5 4. c3 Nf6 5. d4 exd4 6. e5 Ne4 7. O-O d5 8. cxd4
Be7 9. Nfd2 Nxd2 10. Bxc6+ bxc6 11. Nxd2 O-O 12. Nb3 f6 13. Be3 Ba6 14. Re1 Rb8
15. Qc1 Bb4 16. Bd2 fxe5 17. Bxb4 Rxb4 18. Rxe5 Bc4 19. Nc5 Qh4 20. Qd2 Bb5 21.
Ne6 Rf7 22. Rae1 Ba6 23. Ng5 Qxd4 24. Re8+ Rf8 25. Rxf8+ 1-0

[Event "7. Bayerische Meisterschaft 2003"]
[Site "Bad Wiessee"]
[Date "2003.11.15"]
[Round "8"]
[White "Schippan, Bernd"]
[Black "Gawehns, Klaus"]
[Result "1/2-1/2"]
[WhiteElo "2269"]
[BlackElo "2391"]
[PlyCount "53"]
[EventDate "2003.11.08"]

1. e4 d6 2. d4 Nf6 3. Nc3 g6 4. f4 Bg7 5. Bc4 O-O 6. e5 Nfd7 7. e6 Nf6 8. exf7+
Kh8 9. Nf3 d5 10. Be2 c5 11. dxc5 Nc6 12. O-O Qa5 13. Nb5 a6 14. Bd2 Qd8 15.
Nc3 Bf5 16. Na4 Ne4 17. Be1 Rxf7 18. Nb6 Rb8 19. Qxd5 Qxd5 20. Nxd5 Bxb2 21.
Rb1 Ba3 22. Bd3 Bxc5+ 23. Kh1 Rd8 24. Nc3 Nd6 25. Ng5 Rf6 26. Nce4 Bxe4 27.
Nxe4 1/2-1/2

[Event "7. Bayerische Meisterschaft 2003"]
[Site "Bad Wiessee"]
[Date "2003.11.15"]
[Round "8"]
[White "Moeldner, Juergen"]
[Black "Zude, Arno"]
[Result "0-1"]
[WhiteElo "2263"]
[BlackElo "2382"]
[PlyCount "100"]
[EventDate "2003.11.08"]

1. d4 Nf6 2. Nf3 e6 3. c4 d5 4. Nc3 Be7 5. Bg5 O-O 6. e3 Nbd7 7. cxd5 exd5 8.
Bd3 c6 9. Qc2 Re8 10. O-O Nf8 11. h3 Ng6 12. Rab1 Bd6 13. b4 h6 14. Bxf6 Qxf6
15. Qd1 Nh4 16. Nxh4 Qxh4 17. Qf3 a6 18. Bf5 Bxf5 19. Qxf5 Qe7 20. Na4 g6 21.
Qc2 Bxb4 22. Nc5 Bxc5 23. dxc5 Rad8 24. Qc3 Rd7 25. Rb4 Qe5 26. Qb3 Ree7 27.
Rd1 h5 28. h4 Qc7 29. Qc2 a5 30. Rbd4 Re5 31. g3 Rde7 32. R1d3 Re4 33. Kg2 Rxd4
34. exd4 Re4 35. Qd2 b5 36. cxb6 Qxb6 37. f3 Re8 38. Ra3 Qb1 39. Rb3 Qa1 40.
Qb2 Qe1 41. Rb8 Rxb8 42. Qxb8+ Kg7 43. Qb2 a4 44. a3 Qe3 45. f4 Kf6 46. Qb8 Kf5
47. Qc8+ Qe6 48. Qa6 Kg4 49. Qxa4 Qe2+ 50. Kg1 Kh3 0-1

[Event "7. Bayerische Meisterschaft 2003"]
[Site "Bad Wiessee"]
[Date "2003.11.15"]
[Round "8"]
[White "Welling, Gerard"]
[Black "Tauber, Manfred"]
[Result "0-1"]
[WhiteElo "2380"]
[BlackElo "2269"]
[PlyCount "62"]
[EventDate "2003.11.08"]

1. e3 g6 2. c4 Bg7 3. Nc3 Nf6 4. Nf3 O-O 5. d4 d6 6. Be2 Nbd7 7. b3 e5 8. Bb2
Re8 9. Qc2 c6 10. h3 a6 11. g4 exd4 12. Nxd4 Nc5 13. O-O-O a5 14. Bf3 Qb6 15.
Ba3 Qc7 16. Rhg1 Nfd7 17. h4 Nf8 18. h5 Qe7 19. Rg2 Nfe6 20. hxg6 fxg6 21. Nxe6
Bxe6 22. Bb2 a4 23. Rh1 axb3 24. axb3 Nd7 25. Rgh2 Nf8 26. Be2 Bf7 27. Kd2 d5
28. cxd5 Qb4 29. e4 cxd5 30. exd5 Bxd5 31. Qd3 Bxb3 0-1

[Event "7. Bayerische Meisterschaft 2003"]
[Site "Bad Wiessee"]
[Date "2003.11.15"]
[Round "8"]
[White "Hellmayr, Alois"]
[Black "Dworakowska, Joanna"]
[Result "1-0"]
[WhiteElo "2256"]
[BlackElo "2379"]
[PlyCount "120"]
[EventDate "2003.11.08"]

1. d4 f5 2. Nf3 Nf6 3. Bg5 Ne4 4. Bf4 d6 5. Nbd2 Nd7 6. e3 Ndf6 7. Nxe4 fxe4 8.
Nd2 Bf5 9. Be2 Qd7 10. h3 h6 11. c3 g5 12. Bg3 O-O-O 13. h4 Rg8 14. Qb3 Kb8 15.
O-O-O Rc8 16. Nc4 Be6 17. Qb4 Nd5 18. Qa3 Ka8 19. Na5 gxh4 20. Bxh4 b6 21. Nb3
b5 22. Qa5 Rb8 23. Nd2 c6 24. Nxe4 Rb6 25. b3 Qc8 26. c4 bxc4 27. bxc4 Nb4 28.
c5 Nxa2+ 29. Kd2 Rb2+ 30. Ke1 Bd5 31. Bf3 Qb8 32. Nd2 Bxf3 33. gxf3 Nb4 34.
cxd6 exd6 35. Ke2 Ra2 36. Qd8 Bg7 37. Qxb8+ Rxb8 38. Rhg1 Bf8 39. Ra1 Rc2 40.
Rgb1 d5 41. Rb3 c5 42. Kd1 cxd4 43. exd4 Rc6 44. f4 Bd6 45. f5 Rg8 46. Nf3 Rc4
47. Ra5 Bf4 48. Rc5 Rxc5 49. dxc5 a5 50. Nd4 Rg4 51. Bf6 Kb7 52. Ne6 Bb8 53.
Bg7 a4 54. Rf3 Nc6 55. f6 Nd4 56. Nd8+ Kc8 57. Re3 Rf4 58. f7 Kxd8 59. Re8+ Kd7
60. Rxb8 Ne6 1-0

[Event "7. Bayerische Meisterschaft 2003"]
[Site "Bad Wiessee"]
[Date "2003.11.15"]
[Round "8"]
[White "Kostic, Vladimir"]
[Black "Ehrke, Michael"]
[Result "1-0"]
[WhiteElo "2373"]
[BlackElo "2223"]
[PlyCount "69"]
[EventDate "2003.11.08"]

1. e4 e5 2. Nf3 Nc6 3. Bc4 Nf6 4. d3 Be7 5. Nc3 d6 6. a3 a6 7. h3 O-O 8. Be3
Na5 9. Ba2 c5 10. b4 cxb4 11. axb4 Nc6 12. b5 Nb4 13. Bb3 d5 14. Bd2 d4 15. Ne2
Qc7 16. O-O a5 17. b6 Qc5 18. Qb1 Ra6 19. c3 Nc6 20. cxd4 Nxd4 21. Nexd4 exd4
22. Rc1 Qh5 23. Ng5 Bd7 24. Rc7 Bd6 25. Rxb7 h6 26. e5 Bxe5 27. Qe1 Bd6 28. Ne4
Nxe4 29. Qxe4 Qf5 30. Bc4 Raa8 31. Qxf5 Bxf5 32. Rxa5 Rxa5 33. Bxa5 Be6 34.
Bxe6 fxe6 35. Rd7 1-0

[Event "7. Bayerische Meisterschaft 2003"]
[Site "Bad Wiessee"]
[Date "2003.11.15"]
[Round "8"]
[White "Reuss, Andreas"]
[Black "Bopp, Thomas"]
[Result "0-1"]
[WhiteElo "2361"]
[BlackElo "2156"]
[PlyCount "56"]
[EventDate "2003.11.08"]

1. Nf3 g6 2. d4 Bg7 3. c3 c5 4. a3 cxd4 5. cxd4 Nf6 6. Nc3 O-O 7. e4 d5 8. e5
Ne8 9. Bf4 Nc6 10. Rc1 Bg4 11. Be2 e6 12. b4 Bxf3 13. Bxf3 f6 14. Bg4 fxe5 15.
Bxe6+ Kh8 16. Bxe5 Nxe5 17. dxe5 Qb6 18. Qg4 Qxf2+ 19. Kd1 Bxe5 20. Rc2 Qf6 21.
Nxd5 Rd8 22. Ke1 Qg7 23. Rf1 Nf6 24. Nxf6 Bxf6 25. Rff2 Bh4 26. g3 Qa1+ 27. Ke2
Qd1+ 28. Ke3 Qd3# 0-1

[Event "7. Bayerische Meisterschaft 2003"]
[Site "Bad Wiessee"]
[Date "2003.11.15"]
[Round "8"]
[White "Cladouras, Panagiotis"]
[Black "Cnossen, Wiebe"]
[Result "1-0"]
[WhiteElo "2343"]
[BlackElo "2151"]
[PlyCount "74"]
[EventDate "2003.11.08"]

1. e4 d6 2. d4 Nf6 3. Nc3 g6 4. Nf3 Bg7 5. Be3 a6 6. a4 O-O 7. h3 b6 8. Bd3 Bb7
9. g4 e6 10. g5 Nh5 11. Nh2 Nd7 12. Be2 e5 13. Bxh5 exd4 14. Bxd4 Bxd4 15. Qxd4
gxh5 16. Rg1 Nc5 17. O-O-O Re8 18. f3 b5 19. Nf1 bxa4 20. Ne3 Ne6 21. Qxa4 Ng7
22. Ncd5 Kh8 23. Nf6 Re5 24. f4 Rb5 25. Qd4 Ne6 26. Qc3 Rc5 27. Nc4 Qf8 28. f5
Ng7 29. Nd7 Qe8 30. Nxc5 dxc5 31. Ne5 Bxe4 32. Rd7 Kg8 33. Rxc7 Nxf5 34. Nxf7
Nd4 35. Qxc5 Ne2+ 36. Kb1 Rb8 37. Nh6+ Kh8 1-0

[Event "7. Bayerische Meisterschaft 2003"]
[Site "Bad Wiessee"]
[Date "2003.11.15"]
[Round "8"]
[White "Seel, Christian"]
[Black "Horstmann, Olaf"]
[Result "1-0"]
[WhiteElo "2315"]
[BlackElo "2197"]
[PlyCount "29"]
[EventDate "2003.11.08"]

1. Nf3 f5 2. d3 d6 3. e4 e5 4. Nc3 Nc6 5. exf5 Bxf5 6. d4 exd4 7. Nxd4 Nxd4 8.
Qxd4 c6 9. Bf4 Bxc2 10. Kd2 Bg6 11. Re1+ Kd7 12. g3 Qb6 13. Bh3+ Kd8 14. Bg5+
Kc7 15. Nd5+ 1-0

[Event "7. Bayerische Meisterschaft 2003"]
[Site "Bad Wiessee"]
[Date "2003.11.15"]
[Round "8"]
[White "Reefschlaeger, Helmut"]
[Black "Van den Bersselar, Jeroen"]
[Result "1/2-1/2"]
[WhiteElo "2310"]
[BlackElo "2176"]
[PlyCount "37"]
[EventDate "2003.11.08"]

1. d4 d5 2. Nf3 Nf6 3. e3 e6 4. Bd3 c5 5. b3 Nbd7 6. O-O cxd4 7. exd4 b6 8.
Nbd2 Bb7 9. Qe2 Be7 10. Bb2 O-O 11. Rac1 Rc8 12. Rfd1 Rc7 13. Re1 Re8 14. Ne5
Nxe5 15. dxe5 Nd7 16. Qg4 Nc5 17. Bb5 Rf8 18. Nf3 Qc8 19. Nd4 1/2-1/2

[Event "7. Bayerische Meisterschaft 2003"]
[Site "Bad Wiessee"]
[Date "2003.11.15"]
[Round "8"]
[White "Thiel, Thomas"]
[Black "Skorna, Ullrich"]
[Result "1-0"]
[WhiteElo "2303"]
[BlackElo "2167"]
[PlyCount "45"]
[EventDate "2003.11.08"]

1. e4 e6 2. d4 d5 3. Nc3 Bb4 4. Nge2 dxe4 5. a3 Ba5 6. b4 Bb6 7. Nxe4 Ne7 8. c4
c6 9. Bb2 O-O 10. Qb3 Nf5 11. O-O-O a5 12. h4 axb4 13. axb4 e5 14. dxe5 Qe7 15.
h5 c5 16. h6 Be6 17. hxg7 Kxg7 18. g4 Nh4 19. Nf6 cxb4 20. Rxh4 Rh8 21. Nd4 Nd7
22. Nxe6+ Qxe6 23. Rxd7 1-0